| 000 | 00834nam a2200241 i 4500 | ||
|---|---|---|---|
| 001 | 82532 | ||
| 003 | ES-MaACL | ||
| 005 | 20250902220004.0 | ||
| 007 | t| | ||
| 008 | 041110s1981 sp a |||| | spa d | ||
| 080 | _a624/628(04) | ||
| 080 | _a502.6/.7(04) | ||
| 245 | 0 | 0 |
_aIngeniería civil y medio ambiente / _c[coordinador, Calderón Balanzategui, Enrique]. |
| 260 |
_aMadrid : _b[Centro de Estudios de Ordenación del Territorio y Medio Ambiente], _c1981. |
||
| 300 |
_a669 p. : _bil. ; _c30 cm. |
||
| 490 | 1 |
_aCEOTMA. Monografías ; _v10 |
|
| 650 | 0 | 4 |
_aIngeniería civil- _xAspectos ambientales _913772 |
| 650 | 0 | 4 |
_aMedio ambiente- _xProtección. _914959 |
| 700 | 1 |
_aCalderón Balanzategui, Enrique. _9148418 |
|
| 830 | 0 |
_aCEOTMA. Monografías ; _v10 _9231596 |
|
| 852 |
_aES-MaACL _jL-5854 |
||
| 999 |
_c82532 _d82532 |
||